| 000 | 00426nam a22001457a 4500 | ||
|---|---|---|---|
| 082 | _a347.5491052 MAH | ||
| 100 | _aMahmood, Shaukat | ||
| 245 |
_aThe Limitation Act / _cShaukat Mahmood & Nadeem Shaukat |
||
| 250 | _a7th Revised Edition. | ||
| 260 |
_aLahore : _bLegal Research Centre, _c2020. |
||
| 300 |
_a1028 p. ; _c24 cm. |
||
| 942 |
_2ddc _cBK |
||
| 999 |
_c587139 _d587139 |
||